LIBRARY & INFORMATION CENTRE, KCAET, TAVANUR

ONLINE PUBLIC ACCESS CATALOGUE (OPAC)

Chemical Process principles : Materials and balances, Part 2 / (Record no. 3131)

MARC details
000 -LEADER
fixed length control field 00531cam a2200193ua 4500
041 ## - LANGUAGE CODE
Language code of text/sound track or separate title eng
082 ## - DEWEY DECIMAL CLASSIFICATION NUMBER
Classification number 660.281
Item number HOU/CH
100 ## - MAIN ENTRY--AUTHOR NAME
Personal name Hougon, Olaf A. .
245 ## - TITLE STATEMENT
Title Chemical Process principles : Materials and balances, Part 2 /
250 ## - EDITION STATEMENT
Edition statement 2 /
260 ## - PUBLICATION, DISTRIBUTION, ETC. (IMPRINT)
Place of publication Mumbai :
Name of publisher Asia Publishing House ,
Year of publication 1976.
300 ## - PHYSICAL DESCRIPTION
Number of Pages 504 ; .
700 1# - ADDED ENTRY--PERSONAL NAME
Personal name Ragatz, Roland A. .
700 1# - ADDED ENTRY--PERSONAL NAME
Personal name Watson , Kenneth M. .
942 ## - ADDED ENTRY ELEMENTS (KOHA)
Koha item type Books
Holdings
Withdrawn status Lost status Damaged status Home library Current library Date acquired Full call number Accession Number Koha item type
      KAUAET KAUAET 07/04/2012 660.281 18812 Books
      KAUAET KAUAET 07/04/2012 660.281 18811 Books
free website counter